000 00372nam a22001337a 4500
008 151020b xxu||||| |||| 00| 0 eng d
020 _a9780571205165
050 _aPR6059.S5W5
100 _aIshiguro, Kazuo
_920300
245 _aWhen we were orphans
_c/by Kazuo Ishiguro
260 _aLondon
_bFaber and Faber
_c2001
300 _a313p. ;
_c20cm.
942 _2lcc
_cMONOGRAPH
999 _c123526
_d123526